Top 5 Songs On The Marshall Mathers LP 2 (Eminem) - Statistics

General Stats
  • This quiz has been taken 30 times
  • The average score is 4 of 5
Answer Stats
Hint Answer % Correct
924,881,273 Rap God
96%
817,223,336 The Monster
96%
274,447,061 Berzerk
70%
139,764,241 Headlights
52%
233,239,207 Survival
52%
No matching quizzes found
Score Distribution
Percent of People with Each Score
Percentile by Number Answered
Your Score History
You have not taken this quiz